000
00252nam a2200097Ia 4500
001
710658
005
20250826162753.0
008
250824s9999 xx 000 0 und d
245
0
_a
FURMAN ALLAH'A EMANET OL
_c
KAHRAMAN TAZEOĞLU
260
_b
DESTEK YAYINLARI
999
_c
710658
_d
710658